<?xml version="1.0" encoding="UTF-8"?>
<record
    xmlns:xsi="http://www.w3.org/2001/XMLSchema-instance"
    xsi:schemaLocation="http://www.loc.gov/MARC21/slim http://www.loc.gov/standards/marcxml/schema/MARC21slim.xsd"
    xmlns="http://www.loc.gov/MARC21/slim">

  <leader>01493nam a22003377a 4500</leader>
  <controlfield tag="005">20150912020002.0</controlfield>
  <controlfield tag="008">090715s        it       b   i001 0 spa c</controlfield>
  <datafield tag="020" ind1=" " ind2=" ">
    <subfield code="a">9789589981788</subfield>
  </datafield>
  <datafield tag="040" ind1=" " ind2=" ">
    <subfield code="a">CO-BOIAvH</subfield>
    <subfield code="c">CO-BOIAvH</subfield>
  </datafield>
  <datafield tag="041" ind1=" " ind2=" ">
    <subfield code="a">spa</subfield>
  </datafield>
  <datafield tag="044" ind1=" " ind2=" ">
    <subfield code="a">ck</subfield>
  </datafield>
  <datafield tag="082" ind1="1" ind2="0">
    <subfield code="a">333.956492</subfield>
    <subfield code="b">V14p</subfield>
  </datafield>
  <datafield tag="100" ind1="1" ind2=" ">
    <subfield code="a">Valderrama B., Mauricio</subfield>
    <subfield code="9">5419</subfield>
  </datafield>
  <datafield tag="245" ind1="0" ind2="0">
    <subfield code="a">Propuesta hacia la ordenaci&#xF3;n pesquera del bagre rayado Pseudoplatystoma magdaleniatum en la Cuenca Magdalena-Cauca</subfield>
    <subfield code="c">Mauricio Valderrama [y otros].</subfield>
  </datafield>
  <datafield tag="260" ind1=" " ind2=" ">
    <subfield code="a">Bogot&#xE1; :</subfield>
    <subfield code="b">Aunap,</subfield>
    <subfield code="c">s.f..</subfield>
  </datafield>
  <datafield tag="300" ind1=" " ind2=" ">
    <subfield code="a">40 p. :</subfield>
    <subfield code="b">fotograf&#xED;as a color ;</subfield>
    <subfield code="c">30 cm.</subfield>
  </datafield>
  <datafield tag="504" ind1=" " ind2=" ">
    <subfield code="a">Incluye referencias bibliogr&#xE1;ficas.</subfield>
  </datafield>
  <datafield tag="520" ind1="3" ind2=" ">
    <subfield code="a">Se presenta un diagn&#xF3;stico de la situaci&#xF3;n de la pesquer&#xED;a del bagre rayado y una propuesta de acciones y normas que va a ser evaluadas y de las que se espera puedan se implementadas.</subfield>
  </datafield>
  <datafield tag="650" ind1="1" ind2="0">
    <subfield code="a">Peces de r&#xED;o</subfield>
    <subfield code="9">35466</subfield>
  </datafield>
  <datafield tag="650" ind1="1" ind2="0">
    <subfield code="a">Bagre</subfield>
    <subfield code="z">Cuenca Magdalena (Colombia</subfield>
    <subfield code="9">35467</subfield>
  </datafield>
  <datafield tag="650" ind1="1" ind2="0">
    <subfield code="a">Pseudoplatystoma magdaleniatum</subfield>
    <subfield code="9">35468</subfield>
  </datafield>
  <datafield tag="700" ind1="1" ind2=" ">
    <subfield code="a">Hern&#xE1;ndez B., Sandra</subfield>
    <subfield code="9">5424</subfield>
  </datafield>
  <datafield tag="700" ind1="1" ind2=" ">
    <subfield code="a">Pardo B., Raul</subfield>
    <subfield code="9">35469</subfield>
  </datafield>
  <datafield tag="700" ind1="1" ind2=" ">
    <subfield code="a">Barreto Reyes, Carlos Guillermo</subfield>
    <subfield code="9">7284</subfield>
  </datafield>
  <datafield tag="700" ind1="1" ind2=" ">
    <subfield code="a">Contreras, Pedro J.</subfield>
    <subfield code="9">35470</subfield>
  </datafield>
  <datafield tag="700" ind1="1" ind2=" ">
    <subfield code="a">Alonso, Juan C.</subfield>
    <subfield code="9">35471</subfield>
  </datafield>
  <datafield tag="700" ind1="1" ind2=" ">
    <subfield code="a">Larrahondo M., Miryam</subfield>
    <subfield code="9">35472</subfield>
  </datafield>
  <datafield tag="710" ind1="2" ind2=" ">
    <subfield code="a">Colombia. </subfield>
    <subfield code="b">Ministerio de Agricultura.</subfield>
    <subfield code="9">14014</subfield>
  </datafield>
  <datafield tag="776" ind1="0" ind2="8">
    <subfield code="i">Online version:</subfield>
    <subfield code="t">Capture-based aquaculture.</subfield>
    <subfield code="d">Rome : Food and Agriculture Organization of the United Nations, 2008</subfield>
    <subfield code="w">(OCoLC)656109464</subfield>
  </datafield>
  <datafield tag="942" ind1=" " ind2=" ">
    <subfield code="2">ddc</subfield>
    <subfield code="c">Folleto</subfield>
    <subfield code="0">1</subfield>
  </datafield>
  <datafield tag="999" ind1=" " ind2=" ">
    <subfield code="c">17552</subfield>
    <subfield code="d">17552</subfield>
  </datafield>
  <datafield tag="952" ind1=" " ind2=" ">
    <subfield code="0">0</subfield>
    <subfield code="1">0</subfield>
    <subfield code="2">ddc</subfield>
    <subfield code="4">0</subfield>
    <subfield code="7">0</subfield>
    <subfield code="8">GENERAL</subfield>
    <subfield code="I">INV2017</subfield>
    <subfield code="a">Bogota</subfield>
    <subfield code="b">Bogota</subfield>
    <subfield code="d">2015-07-09</subfield>
    <subfield code="e">Donado por Paula S&#xE1;nchez</subfield>
    <subfield code="l">1</subfield>
    <subfield code="o">LB-333.956492 V14p</subfield>
    <subfield code="p">042098</subfield>
    <subfield code="r">2015-09-11 00:00:00</subfield>
    <subfield code="s">2015-09-11</subfield>
    <subfield code="t">Ej. 1</subfield>
    <subfield code="w">2015-07-09</subfield>
    <subfield code="x">Donaci&#xF3;n</subfield>
    <subfield code="y">Folleto</subfield>
  </datafield>
</record>
